Normal view
MARC view
- GOLF EQUIPMENT
Entry Topical Term
001 - CONTROL NUMBER
- control field: 61471
003 - CONTROL NUMBER IDENTIFIER
- control field: NUST
005 - DATE AND TIME OF LATEST TRANSACTION
- control field: 20210628202746.0
008 - FIXED-LENGTH DATA ELEMENTS
- fixed length control field: 210628|| aca||aabn | a|a d
040 ## - CATALOGING SOURCE
- Original cataloging agency: NUST
- Transcribing agency: NUST
150 ## - HEADING--TOPICAL TERM
- Topical term or geographic name entry element: GOLF EQUIPMENT
670 ## - SOURCE DATA FOUND
- Source citation: Work cat.: (NUST): Graham, David Acret, Danny 61470, The guinness guide to golf equipment, 1993
